000 00722cam a22002531 4500
999 _c5611
_d5611
001 6496411
003 GBCCL
005 20241126110546.0
008 771031s1951 xx 000 0 eng
010 _a 51014865
035 _a(OCoLC)3382025
040 _aDLC
_cMoSpE
_dDLC
042 _apremarc
050 0 0 _aBS2545.C5
_bT8
082 _a225
_bTUR
100 1 _aTurner, John Clyde,
_d1878-
_99687
245 1 4 _aThe New Testament doctrine of the church.
260 _aNashville,
_bBroadman Press
_c[c1951]
300 _a118 p.
_c20 cm.
630 0 0 _aBible.
_pNew Testament
_xTheology.
_92335
650 0 _aChurch
_xBiblical teaching.
_96223
906 _a7
_bcbc
_coclcrpl
_du
_encip
_f19
_gy-gencatlg
942 _2ddc
_cBK
_02